[Event "GRE-ch U18"]
[Site "Kavala"]
[Date "2022.04.27"]
[Round "2"]
[White "Papidakis, Georgios"]
[Black "Tsilidis, Christos"]
[Result "1-0"]
[WhiteElo "2180"]
[BlackElo "1740"]
[PlyCount "47"]
[EventDate "2022.04.26"]
[EventType "swiss"]
[EventRounds "9"]
[EventCountry "GRE"]
[SourceTitle "CBM 208 Extra"]
[Source "ChessBase"]
[SourceDate "2022.07.31"]
[SourceVersion "1"]
[SourceVersionDate "2022.07.31"]
[SourceQuality "1"]

1. e4 e5 2. Nf3 Nc6 3. Bb5 Nf6 4. d3 Ne7 5. d4 Nxe4 6. dxe5 Nc6 7. 0-0 Be7 8. Re1 Nc5 9. Nc3 0-0 10. Nd5 h6 11. Be3 a6 12. Bf1 Re8 13. Qd2 Bf8 14. Bxh6 gxh6 15. b4 Ne6 16. Nf6+ Kh8 17. Qd3 Qxf6 18. exf6 Nxb4 19. Qf5 d6 20. c3 Nc6 21. Qh5 Kg8 22. Qg4+ Kh8 23. Bd3 Bd7 24. Qf5 1-0